| 000 | 00726nam a2200241 i 4500 | ||
|---|---|---|---|
| 001 | 81948 | ||
| 003 | ES-MaACL | ||
| 005 | 20230906174537.0 | ||
| 007 | t| | ||
| 008 | 041117s1974 sp ||||1| spa d | ||
| 080 | _a371.481 | ||
| 100 | 1 |
_aStanding, E. M. _9107890 |
|
| 245 | 1 | 3 |
_aLa revolución Montessori en la educación / _cpor E. M. Standing ; traducción Ana Shapiro de Zagury. |
| 250 | _a2ª ed. | ||
| 260 |
_aMéxico, etc. : _bSiglo Veintiuno, _c1974. |
||
| 300 |
_a202 p. : _bil. ; _c19 cm. |
||
| 490 | 1 | _aEducación | |
| 650 | 0 | 4 |
_aMétodo Montessori. _915020 |
| 700 | 1 |
_aShapiro de Zagury, Ana. _9106008 |
|
| 830 | 0 |
_aEducación _9183905 |
|
| 852 |
_aES-MaACL _jE-10422 _bR.133693 |
||
| 999 |
_c81948 _d81948 |
||